Estudio de Opinión Pública Unimer RI - La Nación setiembre - octubre de 1999: efectuada del 23 de setiembre al 5 de octubre /

שמור ב:
מידע ביבליוגרפי
מחבר ראשי: Paniagua, Carlos G.
מחבר תאגידי: Unimer Research International
מחברים אחרים: García S, Cathalina
פורמט: Texto
יצא לאור: San José: Unimer
נושאים:
תגים: הוספת תג
אין תגיות, היה/י הראשונ/ה לתייג את הרשומה!

MARC

LEADER 00000 a a2200000 04500
001 27684
003
040
090 |a 185909  |b ENCUESTA  
100 |a Paniagua, Carlos G.  
110 |a Unimer Research International  
245 |a Estudio de Opinión Pública Unimer RI - La Nación setiembre - octubre de 1999: efectuada del 23 de setiembre al 5 de octubre /  |c Carlos G. Paniagua  
260 |a San José:   |b Unimer  
300 |a 75 p. y s.p; 3 vol.   |b **no definido**   |b fonodiscos  
650 |a OPINION PUBLICA  
650 |a PROBLEMAS SOCIALES  
650 |a VIOLENCIA  
650 |a VIOLENCIA CONTRA LAS MUJERES  
650 |a FAMILIA  
650 |a MEDIO FAMILIAR  
650 |a ABUSO DE MENORES  
650 |a VIOLENCIA  
650 |a ABUSO DE MENORES  
650 |a VIOLENCIA CONTRA LAS MUJERES  
700 |a García S, Cathalina  
999 |c 16847  |d 16847